000 00431nam a2200157Ia 4500
008 221030s9999 xx 000 0 und d
020 _a8178089947
041 _aEnglish
082 _a105.23
_bCom
100 _aD. E. Comer
245 0 _aNetwork Systems Design Using Network Processors Intel IXP Version
_cby D. E. Comer
260 _bPearson Education
_aNew Delhi
_c2003
300 _a515
650 _aBE Computer
942 _cBK
999 _c5928
_d5928